000 00715nam a22001937a 4500
999 _c159410
_d159410
005 20210901155405.0
010 _aENG-124553 ENG-129816
020 _c795.00
_a9789352801915
035 _aEN-108085 EN-113348
037 _bDBAD/PUB.
082 _a155.9042
100 _aNayar, Mahima
245 _aAgainst all odds:
_cby Mahima Nayar
_bpsychosocial distress and healing among women /
260 _aNew Delhi
_bSage Publications India Pvt. Ltd.
_c2019
270 _aB1/I-1, Mohan Cooperative Industrial Area Mathura Road Post Bag 7
_bNew Delhi
_e110044
300 _axvi,257p.
_c21cm.(Hb)
500 _aIt includes bibliography, index and about the author
942 _2ddc
_cEN
_mNAY
_h155.9042